000 00200 a2200097 4500
020 _a9786071651501
041 _aspa
100 _aRamos Revillas, Antonio
245 _aLa dama de la selva
942 _cBK
999 _c29797
_d29795